[Event "Santa Cruz de Tenerife op 25th"]
[Site "Santa Cruz de Tenerife"]
[Date "2014.12.23"]
[Round "7"]
[White "Guniaeva, Olga"]
[Black "Brito Rodriguez, Cristian"]
[Result "1-0"]
[WhiteElo "1738"]
[BlackElo "1449"]
[PlyCount "86"]
[EventDate "2014.12.15"]
[EventType "swiss"]
[EventRounds "9"]
[EventCountry "ESP"]
[SourceTitle "CBM 164 Extra"]
[Source "ChessBase"]
[SourceDate "2015.03.02"]
[SourceVersion "1"]
[SourceVersionDate "2015.03.02"]
[SourceQuality "1"]

1. d4 e6 2. c4 f5 3. Nc3 Nf6 4. Nf3 d5 5. Bf4 Bd6 6. Bxd6 Qxd6 7. e3 0-0 8. Be2 Nbd7 9. 0-0 c6 10. Qc2 Ne4 11. Rac1 Ndf6 12. Ne5 Bd7 13. c5 Qe7 14. f3 Nxc3 15. Qxc3 Be8 16. Bd3 Bg6 17. Qc2 Nd7 18. f4 Bh5 19. b4 a6 20. a4 Nxe5 21. fxe5 Qg5 22. Qf2 Qh6 23. Qg3 Kh8 24. Rc2 Rf7 25. Rcf2 Raf8 26. Qh3 g5 27. Be2 g4 28. Qg3 Qg6 29. b5 a5 30. bxc6 bxc6 31. Rb1 Rc7 32. Rb6 Ra8 33. Rf1 Qg7 34. Rfb1 Be8 35. Qh4 Kg8 36. Rb8 Rxb8 37. Rxb8 Qf7 38. Qd8 Kf8 39. Qd6+ Kg7 40. Rxe8 Qxe8 41. Qxc7+ Kg6 42. Qxa5 Qb8 43. Qb6 Qa8 1-0

[Event "Santa Cruz de Tenerife op 25th"]
[Site "Santa Cruz de Tenerife"]
[Date "2014.12.22"]
[Round "6"]
[White "Diaz Reyes, Killian"]
[Black "Guniaeva, Olga"]
[Result "0-1"]
[WhiteElo "1193"]
[BlackElo "1738"]
[PlyCount "50"]
[EventDate "2014.12.15"]
[EventType "swiss"]
[EventRounds "9"]
[EventCountry "ESP"]
[SourceTitle "CBM 164 Extra"]
[Source "ChessBase"]
[SourceDate "2015.03.02"]
[SourceVersion "1"]
[SourceVersionDate "2015.03.02"]
[SourceQuality "1"]

1. e4 c6 2. d4 d5 3. e5 Bf5 4. Nf3 e6 5. Nbd2 Nd7 6. Nb3 Rc8 7. Bd2 Ne7 8. Be2 h6 9. 0-0 Bh7 10. h3 Ng6 11. Re1 Be7 12. Bd3 0-0 13. Bxg6 Bxg6 14. c3 c5 15. dxc5 Nxc5 16. Nxc5 Bxc5 17. Qa4 Qb6 18. Nd4 Qxb2 19. Nb3 Bc2 20. Qg4 Bxf2+ 21. Kxf2 Bxb3 22. axb3 Qxd2+ 23. Kf1 Qd3+ 24. Re2 Rxc3 25. b4 a6 0-1

[Event "Santa Cruz de Tenerife op 25th"]
[Site "Santa Cruz de Tenerife"]
[Date "2014.12.18"]
[Round "4"]
[White "Ramos Aguilar, Jose Manuel"]
[Black "Guniaeva, Olga"]
[Result "1-0"]
[WhiteElo "2079"]
[BlackElo "1738"]
[PlyCount "67"]
[EventDate "2014.12.15"]
[EventType "swiss"]
[EventRounds "9"]
[EventCountry "ESP"]
[SourceTitle "CBM 164 Extra"]
[Source "ChessBase"]
[SourceDate "2015.03.02"]
[SourceVersion "1"]
[SourceVersionDate "2015.03.02"]
[SourceQuality "1"]

1. c4 c6 2. d4 d5 3. Nf3 Nf6 4. Nc3 e6 5. e3 Nbd7 6. Bd3 dxc4 7. Bxc4 b5 8. Bd3 Be7 9. 0-0 0-0 10. e4 a6 11. Bg5 Re8 12. e5 Nd5 13. Bxe7 Nxe7 14. Bxh7+ Kxh7 15. Ng5+ Kg8 16. Qh5 Ng6 17. Qh7+ Kf8 18. Nce4 Nb6 19. Rad1 Re7 20. Rd3 Ke8 21. Nxf7 Rxf7 22. Nd6+ Ke7 23. Nxf7 Kxf7 24. Rf3+ Ke8 25. Qxg6+ Kd7 26. Rf7+ Qe7 27. Rxe7+ Kxe7 28. Qxg7+ Kd8 29. Rc1 Bd7 30. d5 exd5 31. Qf8+ Kc7 32. Qd6+ Kb7 33. e6 Be8 34. Qe7+ 1-0

[Event "Santa Cruz de Tenerife Autumn op"]
[Site "Santa Cruz de Tenerife"]
[Date "2014.11.12"]
[Round "8"]
[White "Guniaeva, Olga"]
[Black "Perez de la Torre, Jorge"]
[Result "1/2-1/2"]
[WhiteElo "1685"]
[BlackElo "1628"]
[PlyCount "72"]
[EventDate "2014.10.27"]
[EventType "swiss"]
[EventRounds "9"]
[EventCountry "ESP"]
[SourceTitle "CBM 163 Extra"]
[Source "ChessBase"]
[SourceDate "2014.12.23"]
[SourceVersion "1"]
[SourceVersionDate "2014.12.23"]
[SourceQuality "1"]

1. d4 d6 2. c4 e5 3. dxe5 dxe5 4. Qxd8+ Kxd8 5. Nc3 c6 6. Nf3 f6 7. e3 Be6 8. Be2 Nd7 9. b3 Bb4 10. Bb2 Nh6 11. h3 Nf7 12. Nd2 Kc7 13. a3 Bxc3 14. Bxc3 a5 15. f4 Rhd8 16. g4 exf4 17. exf4 Nd6 18. 0-0 Nc5 19. Rfd1 Nde4 20. Nxe4 Rxd1+ 21. Rxd1 Nxe4 22. Be1 Nc5 23. b4 axb4 24. axb4 Ra2 25. Rd2 Ra1 26. Kf1 Ne4 27. Rc2 Ng3+ 28. Kf2 Nxe2 29. Kxe2 Ra3 30. f5 Bf7 31. h4 Rh3 32. c5 Rh2+ 33. Kd3 Rxc2 34. Kxc2 Bd5 35. Bg3+ Kd7 36. Kd3 Ke7 1/2-1/2

[Event "Santa Cruz de Tenerife Autumn op"]
[Site "Santa Cruz de Tenerife"]
[Date "2014.11.05"]
[Round "5"]
[White "Guniaeva, Olga"]
[Black "Villavicencio Martinez, Adalberto"]
[Result "0-1"]
[WhiteElo "1685"]
[BlackElo "2318"]
[PlyCount "50"]
[EventDate "2014.10.27"]
[EventType "swiss"]
[EventRounds "9"]
[EventCountry "ESP"]
[SourceTitle "CBM 163 Extra"]
[Source "ChessBase"]
[SourceDate "2014.12.23"]
[SourceVersion "1"]
[SourceVersionDate "2014.12.23"]
[SourceQuality "1"]

1. d4 d5 2. c4 e5 3. dxe5 d4 4. e3 Bb4+ 5. Bd2 dxe3 6. Bxb4 exf2+ 7. Ke2 fxg1N+ 8. Ke1 Qh4+ 9. Kd2 Qf4+ 10. Kc2 Bg4 11. Qe1 Nc6 12. Bc3 0-0-0 13. Nd2 Nd4+ 14. Bxd4 Qxd4 15. h3 Bf5+ 16. Kc1 Ne7 17. g4 Bg6 18. a4 Nc6 19. Ra3 Rhe8 20. Re3 Nxe5 21. Rxe5 Rxe5 22. Qd1 Nf3 23. Bg2 Nxd2 24. Bxb7+ Kxb7 25. Rh2 Qxc4+ 0-1

[Event "Canarias-ch U14"]
[Site "Costa Teguise"]
[Date "2014.04.25"]
[Round "6"]
[White "Guniaeva, Olga"]
[Black "Sanabria Taskila, Jenny Maria"]
[Result "0-1"]
[WhiteElo "1587"]
[BlackElo "1257"]
[PlyCount "104"]
[EventDate "2014.04.24"]
[EventType "swiss"]
[EventRounds "7"]
[EventCountry "ESP"]
[SourceTitle "EXT 2016"]
[Source "ChessBase"]
[SourceDate "2015.10.08"]
[SourceVersion "1"]
[SourceVersionDate "2015.10.08"]
[SourceQuality "1"]

1. d4 d5 2. c4 c6 3. Nc3 Nf6 4. Nf3 Nbd7 5. Bg5 Qb6 6. Qc2 e6 7. e3 Be7 8. Be2 0-0 9. 0-0 h6 10. Bh4 Bb4 11. a3 Bxc3 12. bxc3 Qc7 13. Bg3 Qa5 14. cxd5 exd5 15. c4 Ne4 16. Bd1 Ndf6 17. Bh4 Qd8 18. Qd3 Bg4 19. cxd5 cxd5 20. Nd2 Nxd2 21. Qxd2 Bf5 22. Qb4 Qb6 23. Qxb6 axb6 24. Be2 Ne4 25. Be7 Rfc8 26. Bb4 Nc3 27. Bf3 Ne4 28. h3 Nf6 29. Rfc1 g5 30. g4 Be4 31. Bxe4 Nxe4 32. Rab1 Kg7 33. Kg2 Kg6 34. f3 Nf6 35. Kg3 Re8 36. Rb3 Rac8 37. Rbc3 Rxc3 38. Rxc3 h5 39. Kf2 hxg4 40. hxg4 Ng8 41. Rc7 f5 42. gxf5+ Kxf5 43. Rxb7 Re6 44. Rd7 Nf6 45. Be7 Nxd7 46. Bb4 Nf6 47. Bd2 g4 48. fxg4+ Nxg4+ 49. Kf3 Nh2+ 50. Kg2 Ng4 51. Kf3 Rh6 52. Kg3 Rh2 0-1